Mots commençant par "pol" - Statistiques

Statistiques générales
  • Ce quiz a été pris 964 fois
  • Le résultat moyen est 10 sur 15
Statistiques - réponses
Synonymes Mots mystères % Correct
Homme d'état Politicien
96%
Gendarme Policier
94%
Pays de Varsovie Pologne
94%
Glacial Polaire
93%
Faire briller Polir
91%
Roman policier Polar
88%
Courtoisie Politesse
88%
Danse sur une barre Pole dance
84%
Appareil photo Polaroïd
72%
Plusieurs compétences Polyvalent
63%
Semoule de maïs Polenta
58%
Chanapan Polisson
39%
Maladie paralysante Poliomyélite
37%
Contamination Pollution
35%
Critique agressive Polémique
16%
Aucun quiz correspondant
Distribution des résultats
% des personnes avec chaque résultat
Percentile par nombre de réponses
Votre historique - résultats
Vous n’avez pas pris ce quiz